Quem tem mais vitórias clássicos estaduais entre os 12 grandes - Statistics

Estatísticas Gerais
  • Esse quiz foi jogado 330 vezes
    88 desde o último reset
  • A pontuação média é 10 de 14
Estatísticas das Respostas
Questão Resposta % Correto
Fla-Flu Clube de Regatas do Flamengo
97%
Clássico dos Milhões Clube de Regatas do Flamengo
97%
Clássico da Rivalidade Clube de Regatas do Flamengo
97%
Clássico Alvinegro Sport Club Corinthians Paulista
91%
Clássico da Saudade Sociedade Esportiva Palmeiras
89%
Clássico da Amizade Clube de Regatas Vasco da Gama
80%
San-São São Paulo Futebol Clube
77%
Majestoso Sport Club Corinthians Paulista
74%
Clássico Mineiro Clube Atlético Mineiro
69%
Clássico Vovô Fluminense Football Club
69%
Derby Paulista Sociedade Esportova Palmeiras
57%
Clássico dos Gigantes Clube de Regatas Vasco da Gama
54%
Grenal Sport Club Internacional
54%
Choque-Rei Os dois
9%
Nenhum quiz correspondente encontrado
Distribuição das Pontuações
Porcentagem de Pessoas com Cada Pontuação
Percentil de Números Respondidos
Sua Pontuação Histórica
Você não jogou esse quiz desde o último reset